| 000 | 01474nam a2200265 i 4500 | ||
|---|---|---|---|
| 001 | 184071 | ||
| 003 | ES-MaACL | ||
| 005 | 20250817210532.0 | ||
| 008 | 150304s1923 fr |||| | fre d | ||
| 080 | _a281.5 | ||
| 245 | 0 | 0 |
_aPatrologia orientalis. _nTomus decimus septimus / _c[édité par] R. Graffin et F. Nau. |
| 260 |
_aParis : _bFirmin-Didot et cie, éditeurs, _c1923. |
||
| 300 |
_a857 p. ; _c28 cm. |
||
| 505 | 8 | _aContiene: John of Ephesus : lives of the eastern Saints. I / syriac text edited and translated by E. W. Brooks. - 1923 ; Fasc. 1 Documents relatifs au Concile de Florence. II, Oeuvres anticonciliaires de Marc d'Éphese, documents VII-XXIV / textes édités et traduits par S. E. Mgr. Louis Petit,.... - 1923 ; Fasc. 2 Le synaxaire arabe jacobite (rédaction copte). V, Les mois de Baounah, Abib, Mesoré et jours complémentaires / texte arabe publié, traduit et annoté par René Basset,.... - 1923 ; Fasc. 3 Les miracles de Jésus / texte éthiopien publié et traduit par Sylvain Grébaut. - 1923 | |
| 650 |
_aPatrística. _915895 |
||
| 650 | 0 | 7 |
_aLiteratura cristiana primitiva _2embne _914529 |
| 700 | 1 |
_aBrooks, Ernest Walter, _d1863-1955 _9156178 |
|
| 700 | 1 |
_aPetit, Louis ( _d1868-1927) _9156467 |
|
| 700 | 0 |
_aBasset, René. _926315 |
|
| 700 | 1 |
_aGrébaut, Sylvain. _9156167 |
|
| 700 | 1 |
_aGraffin, René, _d1858-1941 _9156163 |
|
| 700 | 1 |
_aNau, François. _985006 |
|
| 852 |
_aES-MaACL _jG-706 |
||
| 999 |
_c184071 _d184071 |
||